<?xml version="1.0" encoding="UTF-8"?>
<record
    xmlns:xsi="http://www.w3.org/2001/XMLSchema-instance"
    xsi:schemaLocation="http://www.loc.gov/MARC21/slim http://www.loc.gov/standards/marcxml/schema/MARC21slim.xsd"
    xmlns="http://www.loc.gov/MARC21/slim">

  <leader>00953nam a22001577a 4500</leader>
  <controlfield tag="001">1768</controlfield>
  <controlfield tag="005">20240206120208.0</controlfield>
  <controlfield tag="008">230928b        cb ||||| |||| 00| 0 eng d</controlfield>
  <datafield tag="082" ind1=" " ind2=" ">
    <subfield code="a">508.81</subfield>
  </datafield>
  <datafield tag="245" ind1=" " ind2=" ">
    <subfield code="a">Through the Brazilian rainforest</subfield>
    <subfield code="c">Theodor Roosevelt</subfield>
  </datafield>
  <datafield tag="260" ind1=" " ind2=" ">
    <subfield code="c">Exported from Wikisource on September 28, 2023</subfield>
  </datafield>
  <datafield tag="300" ind1=" " ind2=" ">
    <subfield code="a">44 pages :</subfield>
  </datafield>
  <datafield tag="500" ind1=" " ind2=" ">
    <subfield code="a"> Roosevelt's popular book Through the Brazilian Wilderness describes his expedition into the Brazilian jungle in 1913 as a member of the Roosevelt-Rondon Scientific Expedition co-named after its leader, Brazilian explorer C&#xE2;ndido Rondon. The book describes all of the scientific discovery, scenic tropical vistas and exotic flora, fauna and wild life experienced on the expedition, as well as the exciting human dramas which occurred during the expedition. </subfield>
  </datafield>
  <datafield tag="856" ind1=" " ind2=" ">
    <subfield code="u">http://172.20.16.31/cgi-bin/koha/opac-retrieve-file.pl?id=36aa0466e14d0f8361efbd3f632ab4c3</subfield>
    <subfield code="y">Download Ebook</subfield>
  </datafield>
  <datafield tag="942" ind1=" " ind2=" ">
    <subfield code="c">EBOOK</subfield>
  </datafield>
  <datafield tag="999" ind1=" " ind2=" ">
    <subfield code="c">1768</subfield>
    <subfield code="d">1768</subfield>
  </datafield>
  <datafield tag="952" ind1=" " ind2=" ">
    <subfield code="0">0</subfield>
    <subfield code="1">0</subfield>
    <subfield code="4">0</subfield>
    <subfield code="7">0</subfield>
    <subfield code="a">001</subfield>
    <subfield code="b">001</subfield>
    <subfield code="c">Primary Server</subfield>
    <subfield code="d">2023-09-28</subfield>
    <subfield code="e">Wikisource</subfield>
    <subfield code="l">0</subfield>
    <subfield code="p">2023-0703</subfield>
    <subfield code="r">2023-10-02 10:43:35</subfield>
    <subfield code="w">2023-09-28</subfield>
    <subfield code="y">EBOOK</subfield>
  </datafield>
</record>
